000 00697nam a2200253Ia 4500
003 OSt
005 20221007113611.0
006 a|||||r|||| 00| 0
007 ta
008 221006b |||||||| |||| 00| 0 eng d
024 _a31,563
037 _cTextual
040 _aLCO
_cLCO
_beng
041 _2eng
_aeng
082 _aV2:2:(Z), Q3
100 _aNariman Fali S.
245 0 _aThe State of the Nation
_b In the context of India's Constitution
250 _aIst
260 _aNew
_bDelhi Hey House Publishers India
_c2013
300 _a416
650 _aSTATE OF THE NATION
_9709139
942 _hV2:2:(Z), Q3
_cTEXL
999 _c1201126
_d1201126